Statistics for Every Song by Title Fight

Click here to take the quiz!

General Stats

  • This quiz has been taken 3 times
  • The average score is 11 of 54

Answer Stats

AlbumSong% Correct
Shed(2011)Shed
100%
Shed(2011)27
67%
Floral Green(2012)Head in the Ceiling Fan
67%
Hyperview(2015)Mrahc
67%
Shed(2011)Safe in Your Skin
67%
Shed(2011)Coxton Yard
33%
Shed(2011)Crescent-Shaped Depression
33%
Spring Songs(2013)
Be a Toy
33%
Hyperview(2015)Dizzy
33%
Down for the Count(2003)Down for the Count
33%
Shed(2011)Flood of '72
33%
Floral Green(2012)In-Between
33%
Floral Green(2012)Leaf
33%
Floral Green(2012)Lefty
33%
Floral Green(2012)Like a Ritual
33%
Kingston(2007)Memorial Field
33%
Hyperview(2015)Murder Your Memory
33%
Spring Songs(2013)Receiving Line
33%
Hyperview(2015)Rose of Sharon
33%
Shed(2011)Stab
33%
Down for the Count(2003)Surf, Sand, and Hardcore
33%
The Last Thing You Forget(Bonus)(2009)Western Haikus
33%
Shed(2011)Where Am I?
33%
Shed(2011)You Can't Say Kingston Doesn't Love You
33%
Kingston(2007)Youreyeah
33%
Hyperview(2015)Your Pain Is Mine Now
33%
Erection Kids Vs. Title Fight(2007)Anaconda Sniper
0%
Spring Songs(2013)Blush
0%
Floral Green(2012)Calloused
0%
Hyperview(2015)Chlorine
0%
Erection Kids Vs. Title Fight(2007)Evander
0%
Floral Green(2012)Frown
0%
Shed(2011)GMT (Greenwich Mean Time)
0%
Erection Kids Vs. Title Fight(2007)Goldwaite
0%
Hyperview(2015)Hypernight
0%
Spring Songs(2013)Hypnotize
0%
Down for the Count(2003)Ignorant
0%
The Last Thing You Forget(2009)Introvert
0%
Hyperview(2015)Liar's Love
0%
Kingston(2007)Loud and Clear
0%
Down for the Count(2003)Major Gain
0%
Floral Green(2012)Make You Cry
0%
Erection Kids Vs. Title Fight(2007)Neck Deep
0%
Down for the Count(2003)Negative Nancy
0%
Hyperview(2015)New Vision
0%
The Last Thing You Forget(2009)No One Stays at the Top Forever
0%
Floral Green(2012)Numb, But I Still Feel It
0%
Erection Kids Vs. Title Fight(2007)Room 200
0%
Floral Green(2012)Secret Society
0%
Shed(2011)Society
0%
The Last Thing You Forget(2009)Symmetry
0%
Floral Green(2012)Sympathy
0%
Hyperview(2015)Trace Me Onto You
0%
Shed(2011)Your Screen Door
0%

Score Distribution

Percentile by Number Answered

Percent of People with Each Score

Your Score History

You have not taken this quiz